000 00715nam a2200253Ia 4500
003 OSt
005 20220918164743.0
006 a|||||r|||| 00| 0
007 ta
008 220917b |||||||| |||| 00| 0 eng d
020 _a074561941X (hbk)
024 _a147,930
037 _cTextual
040 _aARTS
_cARTS
_beng
041 _2eng
_aeng
082 _aR4xN03,2, P0
100 _aAdorno Theodor W
245 0 _aProblems of moral philosophy edited by Thomas Schreder translated by Rodney Livingstone
260 _aCambridge
_bPolity Press
_c2000
300 _aviii,224p.
_ccm.
650 _aETHICS
942 _hR4xN03,2, P0
_cTEXL
_2CC
999 _c126358
_d126358